000
00339nam a2200133 a 4500
008
110428s1987|||| d
260
_c
1987
_a
Bratislava
_b
SPN
020
_c
55
044
_a
xo
_c
SK
041
_a
slo
100
1
_a
Stano, Mikuláš
245
1
0
_a
Poľsko-Slovenský a Slovensko-Poľský slovník
700
1
_a
Buffa, Ferdinand
999
_c
19263
_d
19263